000 00650nam a2200253Ia 4500
003 OSt
005 20221007103628.0
006 a|||||r|||| 00| 0
007 ta
008 221006b |||||||| |||| 00| 0 hin d
020 _a8170128706
024 _a13,611
037 _cTextual
040 _aLCO
_cLCO
_bhin
041 _2hin
_ahin
082 _aZ3,2673, P5
100 _aVerkey Elizabeth
_9294616
245 0 _aLaw of Patents
260 _aLucknow
_bEastern Book Company India
_c2005
300 _a491+16
650 _aPATENTS
_9705363
942 _hZ3,2673, P5
_cTEXL
999 _c1183174
_d1183174